[Event "XVI ECC"]
[Site "Neum BIH"]
[Date "2000.09.28"]
[Round "5"]
[White "Volkov,S"]
[Black "Socko,B"]
[Result "1-0"]
[WhiteElo "2554"]
[BlackElo "2528"]

1.d4 Nf6 2.c4 g6 3.Nc3 Bg7 4.e4 d6 5.Be2 O-O 6.Nf3 e5 7.Be3 Ng4 8.Bg5 f6
9.Bh4 g5 10.Bg3 Nh6 11.h3 exd4 12.Nxd4 Nc6 13.h4 f5 14.hxg5 Qxg5 15.Ndb5 f4
16.Bh4 Qxg2 17.Bf3 Bxc3+ 18.bxc3 Qg7 19.Qd5+ Kh8 20.O-O-O Ne5 21.Rdg1 Bg4
22.Bxg4 Nhxg4 23.Nd4 Qf7 24.f3 Ne3 25.Qe6 Qxe6 26.Nxe6 Nxf3 27.Rg7 Rg8 28.Rxc7 Rg2
29.Bf6+ Kg8 30.Nxf4 Rg4 31.Rhxh7 Rg1+ 32.Kb2 Nxc4+ 33.Kb3 Nfd2+ 34.Kc2  1-0

[Event "XVI ECC"]
[Site "Neum BIH"]
[Date "2000.09.29"]
[Round "6"]
[White "Lugovoi,A"]
[Black "Jacimovic,D"]
[Result "1-0"]
[WhiteElo "2534"]
[BlackElo "2465"]

1.d4 Nf6 2.c4 d6 3.Nc3 g6 4.e4 Bg7 5.Nf3 O-O 6.Be2 e5 7.d5 Na6 8.Bg5 h6 9.Bh4 g5
10.Bg3 Nxe4 11.Nxe4 f5 12.Nc3 f4 13.Nd2 Nc5 14.Nde4 Nxe4 15.Nxe4 Bf5 16.Bd3 c6
17.O-O cxd5 18.cxd5 Bxe4 19.Bxe4 fxg3 20.hxg3 Qb6 21.Rc1 Qxb2 22.Qg4 Rf6
23.Qd7 Raf8 24.Rc7 R8f7 25.Qe8+ Rf8 26.Qe7  1-0

[Event "EuYCh B16"]
[Site "Halkidiki GRE"]
[Date "2000.10.03"]
[Round "2"]
[White "Tallaksen,G"]
[Black "Khismatullin,D"]
[Result "1-0"]
[WhiteElo "2221"]
[BlackElo "2349"]

1.d4 Nf6 2.c4 g6 3.Nc3 Bg7 4.e4 d6 5.Nf3 O-O 6.Be2 e5 7.O-O Nbd7 8.Be3 h6
9.h3 exd4 10.Bxd4 Re8 11.Qc2 b6 12.Rad1 Bb7 13.Nd2 Nc5 14.Bf3 Ne6 15.Be3 Ng5
16.Bxg5 hxg5 17.e5 Bxf3 18.Nxf3 Nd7 19.exd6 cxd6 20.Ne4 Ne5 21.Nexg5 Rc8
22.Nxe5 Rxe5 23.f4 Rec5 24.b3 b5 25.Ne4 R5c6 26.f5 bxc4 27.fxg6 fxg6 28.Nf6+  1-0

[Event "Cup Rectora"]
[Site "Kharkov UKR"]
[Date "2000.10.04"]
[Round "4"]
[White "Popov,Val"]
[Black "Komliakov,V"]
[Result "1-0"]
[WhiteElo "2557"]
[BlackElo "2453"]

1.Nf3 d6 2.d4 Nf6 3.c4 g6 4.Nc3 Nbd7 5.e4 e5 6.Be2 Bg7 7.O-O O-O 8.Bg5 h6
9.Bh4 Re8 10.d5 Bf8 11.Nd2 Be7 12.Bg3 Rf8 13.b4 Ne8 14.Nb3 h5 15.f3 Bh4 16.Bxh4 Qxh4
17.Rc1 Qg5 18.Rc2 h4 19.Qc1 Qe7 20.Qe3 Ndf6 21.c5 Nh5 22.Rfc1 Nf4 23.Bf1 f5
24.cxd6 cxd6 25.Ne2 Nxe2+ 26.Bxe2 Bd7 27.Na5 Kg7 28.Rc3 h3 29.g3 f4 30.gxf4 Rxf4
31.Kh1 b6 32.Nc6 Qf6 33.b5 Qh4 34.Ra3 Rf7 35.Rxa7 Rxa7 36.Nxa7 Nf6 37.Nc6 Nh5
38.a4 Nf4 39.a5 bxa5 40.b6 Bc8 41.Nxa5 g5 42.Bf1 Ng2 43.Qe2 g4 44.Rxc8 gxf3
45.Qd2 f2 46.b7 Ne1 47.Qe3 Rf3  1-0

[Event "ch-PER"]
[Site "Lima PER"]
[Date "2000.10.04"]
[Round "6"]
[White "Garcia Toledo,P"]
[Black "Mansilla,J"]
[Result "0-1"]
[WhiteElo "2294"]
[BlackElo "2252"]

1.d4 Nf6 2.c4 g6 3.Nc3 Bg7 4.e4 d6 5.Nf3 O-O 6.Be2 Na6 7.O-O e5 8.d5 Nc5
9.Qc2 a5 10.Nd2 Ne8 11.Nb3 Nxb3 12.Qxb3 b6 13.Qc2 f5 14.Bd2 f4 15.a3 g5 16.b4 g4
17.Bd3 h5 18.c5 bxc5 19.bxc5 h4 20.cxd6 cxd6 21.Rab1 g3 22.fxg3 hxg3 23.hxg3 fxg3
24.Rxf8+ Bxf8 25.Ne2 Qh4 26.Bb5 Qh2+ 27.Kf1 Bh3 28.Be3 Qxg2+ 29.Ke1 Nf6 30.Bd3 Rc8
31.Qa4 Bd7 32.Qxa5 Nxe4 33.Rb7 Qh1+ 34.Ng1 Rc1+ 35.Bxc1 Qxg1+ 36.Ke2 Bg4+  0-1

[Event "1st European Blitz Ch"]
[Site "Neum BIH"]
[Date "2000.10.04"]
[Round "4"]
[White "Lugovoj,M"]
[Black "Cvitan,O"]
[Result "1-0"]
[WhiteElo "2240"]
[BlackElo "2541"]

1.d4 Nf6 2.c4 g6 3.Nc3 Bg7 4.e4 d6 5.Nf3 O-O 6.Be2 e5 7.d5 a5 8.Bg5 Na6 9.O-O h6
10.Bh4 Qe8 11.Ne1 g5 12.Bg3 Nxe4 13.Nxe4 f5 14.Nc3 f4 15.Ne4 Bf5 16.Bd3 Qg6
17.Qe2 Rae8 18.f3 fxg3 19.Nxg3 Bxd3 20.Nxd3 h5 21.Qe4 Qf7 22.Qe2 b6 23.Ne4 Qg6
24.b3 g4 25.a3 Nc5 26.Ndxc5 bxc5 27.Rab1 Bh6 28.b4 axb4 29.axb4 cxb4 30.Rxb4 gxf3
31.Rxf3 Rxf3 32.Qxf3 Rf8 33.Qe2 Rf4 34.Rb8+ Kh7 35.Nf2 Rd4 36.Rb7 Bf4 37.Rxc7+ Kh6
38.g3 Bc1 39.Qf3 Rf4 40.Qd3 e4 41.Qc3 e3 42.Qh8+ Kg5 43.Nh3+  1-0

[Event "White Tower Open"]
[Site "Halkidiki GRE"]
[Date "2000.10.06"]
[Round "4"]
[White "Nikolaidis,K"]
[Black "Navrotescu,C"]
[Result "0-1"]
[WhiteElo "2308"]
[BlackElo "2447"]

1.d4 Nf6 2.c4 g6 3.Nc3 Bg7 4.e4 d6 5.Be2 O-O 6.Nf3 e5 7.O-O c6 8.Re1 exd4
9.Nxd4 Re8 10.Bf1 Ng4 11.Nf3 Na6 12.Bf4 Ne5 13.Rc1 Nc5 14.Be3 Bg4 15.Be2 Nxf3+
16.gxf3 Bh3 17.Qd2 Be5 18.b4 Ne6 19.f4 Bg7 20.Kh1 a5 21.a3 axb4 22.axb4 Ra3
23.Rg1 Qh4 24.Rg3 Rea8 25.Bf3 f5 26.exf5 Bxf5 27.b5 cxb5 28.Nxb5 Rd3 29.Qe1 Nxf4
30.Bxb7 Re8 31.Bc6 Nh5 32.Bxe8 Nxg3+ 33.fxg3 Qe4+ 34.Kg1 Rxe3 35.Qf2 Qxe8
36.Nxd6 Qe6 37.Nxf5 gxf5 38.Qd2 h6 39.c5 Re2 40.Qd8+ Kh7 41.Qd3 Re3 42.Qd2 Qe4
43.Qg2 Re1+ 44.Rxe1 Qxe1+ 45.Qf1 Bd4+ 46.Kg2 Qxf1+ 47.Kxf1 Bxc5 48.Kg2 h5
49.Kf3 Kg6 50.h3 Bd6 51.Kf2 Kf6 52.Kf3 Ke5 53.Ke3 Be7 54.Kf3 Bg5 55.Kg2 Ke4
56.Kf2 Bh6 57.Ke2 Be3  0-1

[Event "ch-PER"]
[Site "Lima PER"]
[Date "2000.10.06"]
[Round "8"]
[White "Ramos,Er"]
[Black "Alarcon,Ru"]
[Result "1-0"]
[WhiteElo "2298"]
[BlackElo "2188"]

1.d4 d6 2.c4 Nf6 3.Nc3 g6 4.e4 Bg7 5.Nf3 O-O 6.Be2 e5 7.dxe5 dxe5 8.Qxd8 Rxd8
9.Bg5 Re8 10.Nd5 Nxd5 11.cxd5 f6 12.Be3 Bf8 13.O-O b6 14.Rfc1 Ba6 15.Kf1 Bd6
16.Nd2 Bxe2+ 17.Kxe2 Nd7 18.Rc6 Nb8 19.Rc2 Na6 20.a3 f5 21.f3 f4 22.Bf2 Kf7
23.Rac1 Ke7 24.Kd3 Kd7 25.Kc4 Rac8 26.b4 g5 27.Kb3 h5 28.h3 Rg8 29.Nc4 Rce8
30.Ka4 Bf8 31.Kb5 Nb8 32.Nxe5+ Rxe5 33.Rxc7+ Kd6 34.Rxa7 Re7 35.Bxb6 Rxa7
36.Bxa7 Bg7 37.a4 Be5 38.a5 Kd7 39.a6 Rc8 40.Rxc8 Kxc8 41.Bxb8 Kxb8 42.Kb6 Bc7+
43.Kc6  1-0

[Event "Abihome Open"]
[Site "Brussels BEL"]
[Date "2000.10.07"]
[Round "4"]
[White "Van Beers,E"]
[Black "Beeckmans,F"]
[Result "1-0"]
[WhiteElo "2346"]
[BlackElo "2293"]

1.d4 d6 2.c4 e5 3.Nf3 Nd7 4.Nc3 Ngf6 5.e4 g6 6.Be2 Bg7 7.O-O O-O 8.d5 h6
9.Qc2 Ne8 10.Rb1 f5 11.b4 f4 12.c5 Ndf6 13.Nd2 Rf7 14.Ba3 g5 15.f3 Bf8 16.Nc4 Rg7
17.g4 fxg3 18.hxg3 Nh5 19.Kg2 Nef6 20.Ne3 g4 21.f4 Nxg3 22.fxe5 Nfh5 23.Nf5 Nxf5
24.exf5 dxe5 25.Bc1 Qh4 26.Qd3 g3 27.Rh1 Nf4+ 28.Bxf4 Qxf4 29.Rhf1 Qh4 30.Rh1 Qg5
31.Rh5 Qf6 32.Ne4 Qf7 33.Rxh6 Bxf5 34.Nf6+ Qxf6 35.Rxf6 Bxd3 36.Bxd3 Be7
37.Re6 Bg5 38.Rxe5 Bf4  1-0

[Event "White Tower Open"]
[Site "Halkidiki GRE"]
[Date "2000.10.08"]
[Round "6"]
[White "Fomichenko,E"]
[Black "Hebden,M"]
[Result "0-1"]
[WhiteElo "2377"]
[BlackElo "2505"]

1.d4 Nf6 2.Nf3 g6 3.c4 Bg7 4.Nc3 O-O 5.e4 d6 6.Be2 e5 7.Be3 Ng4 8.Bg5 f6
9.Bh4 Nc6 10.d5 Ne7 11.Nd2 Nh6 12.f3 c5 13.dxc6 bxc6 14.b4 g5 15.Bf2 f5 16.O-O Kh8
17.Nb3 fxe4 18.fxe4 Be6 19.a4 Ng6 20.b5 c5 21.Nd5 Nf4 22.Ne3 g4 23.Ra2 Qg5
24.Kh1 Rf6 25.Rd2 Raf8 26.Qe1 Nxe2 27.Qxe2 g3 28.Bxg3 Bxc4 29.Qxc4 Qxe3 30.Rxf6 Rxf6
31.Rd1 Ng4 32.Nd2 Bh6 33.Nf1 Nf2+ 34.Bxf2 Qxf2 35.Ng3 Qxg3  0-1

[Event "EuYCh B16"]
[Site "Halkidiki GRE"]
[Date "2000.10.09"]
[Round "8"]
[White "Flumbort,A"]
[Black "Maiorov,N"]
[Result "1-0"]
[WhiteElo "2355"]
[BlackElo "2211"]

1.d4 Nf6 2.c4 g6 3.Nc3 Bg7 4.e4 d6 5.Be2 O-O 6.Nf3 e5 7.O-O exd4 8.Nxd4 Re8
9.f3 c6 10.Kh1 a6 11.Nc2 b5 12.Bf4 d5 13.exd5 cxd5 14.cxb5 Nh5 15.Bc1 Qh4
16.Qe1 Qxe1 17.Rxe1 Bf5 18.Ne3 d4 19.Ncd5 dxe3 20.Nc7 Nd7 21.Nxe8 Rxe8 22.g4 a5
23.gxf5 Nf4 24.fxg6 hxg6 25.a4 Bf8 26.Bc4 Bc5 27.Bd2 Bb6 28.Rad1 Nf6 29.Bc3 Nh7
30.Rd6 Bc5 31.Rc6 Bf8 32.b6 Ng5 33.b7 Rb8 34.Be5 Rxb7 35.Bxf4  1-0

[Event "Cup Rectora"]
[Site "Kharkov UKR"]
[Date "2000.10.09"]
[Round "9"]
[White "Eljanov,P"]
[Black "Komliakov,V"]
[Result "1-0"]
[WhiteElo "2487"]
[BlackElo "2453"]

1.d4 d6 2.Nf3 Nf6 3.c4 g6 4.Nc3 Nbd7 5.e4 e5 6.Be2 Bg7 7.O-O O-O 8.Re1 Re8
9.Bf1 c6 10.d5 c5 11.a3 Re7 12.Bd2 Ne8 13.b4 b6 14.Qc2 Nf8 15.bxc5 bxc5 16.Bd3 Bg4
17.Be2 Bd7 18.Rab1 f5 19.g3 h6 20.exf5 gxf5 21.Nh4 Qc8 22.Bf1 Rf7 23.f4 e4
24.Nd1 Bd4+ 25.Ne3 Qa6 26.Bc3 Qxa3 27.Rb3 Qa6 28.Qb2 Bxc3 29.Qxc3 Qc8 30.Ra1 Ng7
31.Bh3 Kh7 32.Ra2 Ng6 33.Nxg6 Kxg6 34.Qa1 Qc7 35.Ra6 h5 36.Qb2 Be8 37.Ng2 Kh7
38.Nh4 Rd8 39.Nxf5 Qc8 40.Nxg7 Qxa6 41.Ne6 Qa5 42.Bf5+ Kg8 43.Nxd8 Rxf5 44.Ne6 Rf7
45.Rb8 Qa4 46.Kg2 Kh7 47.Ng5+ Kg6 48.Rd8 Bd7 49.Rg8+  1-0

[Event "Veselin Boskovic Mem"]
[Site "Belgrade YUG"]
[Date "2000.10.10"]
[Round "7"]
[White "Beliavsky,A"]
[Black "Markovic,Miros"]
[Result "1/2-1/2"]
[WhiteElo "2654"]
[BlackElo "2558"]

1.d4 Nf6 2.c4 g6 3.Nc3 Bg7 4.e4 d6 5.Nf3 O-O 6.Be2 e5 7.O-O exd4 8.Nxd4 Re8
9.f3 c6 10.Kh1 Nh5 11.g4 Nf6 12.Be3 h5 13.g5 Nh7 14.Qd2 Na6 15.Rad1 Qe7 16.Rg1 Nc7
17.Bf2 Bh3 18.Rde1 Rad8 19.Bd1 Qd7 20.f4 c5 21.Ndb5 Nxb5 22.Nxb5 Nf8 23.Rg3 Bg4
24.Bxg4 hxg4 25.Rd3 Qc6 26.Nxa7 Qa4 27.Nb5 Qxc4 28.Nxd6 Rxd6 29.Rxd6 Rxe4
30.Rc1 Qb5 31.Be3 Ne6 32.b3 Bd4 33.Bxd4 cxd4 34.Rc4 Qf5 35.Rdxd4 Rxd4 36.Rxd4 Nxd4
37.Qxd4 Qb1+ 38.Kg2 Qxa2+ 39.Kg3 Qxb3+ 40.Kxg4 Qe6+ 41.Kg3 b5 42.Qb4 Qe3+
43.Kg2 Qe2+ 44.Kg3 Qd3+ 45.Kf2 Qc2+ 46.Ke3 Qa4 47.Qc5 b4 48.Qc8+ Kg7 49.Qc4 Qa5
50.Kd2 Kf8 51.Kc2 Qa4+ 52.Kb2 Kg8 53.Qc8+ Kg7 54.Qc4 Kg8 55.Qc8+ Kh7 56.Qc4 Kg7
57.Qd4+ Kg8 58.Qc4 Qa3+ 59.Kc2 b3+ 60.Qxb3 Qc5+ 61.Kd3 Qf5+ 62.Ke2 Qxf4 63.Qg3  1/2-1/2

[Event "ch-PER"]
[Site "Lima PER"]
[Date "2000.10.10"]
[Round "11"]
[White "Garcia,Ja"]
[Black "Mansilla,J"]
[Result "1-0"]
[WhiteElo "2314"]
[BlackElo "2252"]

1.d4 Nf6 2.c4 g6 3.Nc3 Bg7 4.e4 d6 5.Nf3 O-O 6.Be2 e5 7.dxe5 dxe5 8.Qxd8 Rxd8
9.Bg5 Re8 10.Nd5 Nxd5 11.cxd5 c6 12.Bc4 b5 13.Bb3 Bb7 14.Rc1 a5 15.a3 Rc8
16.Be3 Nd7 17.dxc6 Rxc6 18.Rxc6 Bxc6 19.Ng5 Rf8 20.Ke2 a4 21.Rc1 axb3 22.Rxc6 h6
23.Nf3 Rb8 24.Nd2 b4 25.a4 Ra8 26.Rc7 Nf8 27.Nxb3 Rxa4 28.Ra7 Rxa7 29.Bxa7 Ne6
30.g3 f5 31.f3 fxe4 32.fxe4 Kf7 33.Kd3 Bf8 34.Kc4 Ng5 35.Nd2 Ne6 36.Nf3 Bd6
37.Be3 g5 38.Bd2 g4 39.Nh4 Nd4 40.Bxb4 Bxb4 41.Kxb4 Nf3 42.Kc5 Ke6 43.Nf5 Nd2
44.Nd6 Nb3+ 45.Kc4 Nd2+ 46.Kd3 Nf3 47.Nf5 h5 48.Ke2 Ng5 49.Ke3 Nh7 50.b4 Kd7
51.Kd3 Nf6 52.Ne3 Kc6 53.Nd5 Nh7 54.Kc4 Ng5 55.b5+ Kd6 56.Nf6 Nf3 57.Nxh5 Nxh2
58.Ng7 Nf3 59.Nf5+ Kc7 60.Kc5 Nd2 61.b6+  1-0

[Event "Tatry Open"]
[Site "Tatranske Zruby SVK"]
[Date "2000.10.10"]
[Round "4"]
[White "Jurkiewicz,K1"]
[Black "Macak,S"]
[Result "0-1"]
[WhiteElo "2217"]
[BlackElo "2086"]

1.d4 Nf6 2.c4 g6 3.Nc3 Bg7 4.e4 d6 5.Be2 O-O 6.Nf3 e5 7.d5 a5 8.Bg5 h6 9.Bh4 Nbd7
10.Nd2 Nc5 11.b3 Bd7 12.a3 Qe8 13.b4 axb4 14.axb4 Rxa1 15.Qxa1 Ncxe4 16.Ndxe4 Nxe4
17.Nxe4 f5 18.Nd2 g5 19.Bg3 f4 20.Ne4 fxg3 21.Nxg3 e4 22.Qc1 Bd4 23.O-O e3
24.f3 h5 25.Rd1 Rf4 26.Ne4 Qe5 27.c5 g4 28.Qc4 gxf3 29.gxf3 Rxe4 30.fxe4 Bh3  0-1

[Event "Tatry Open"]
[Site "Tatranske Zruby SVK"]
[Date "2000.10.10"]
[Round "4"]
[White "Jedlicka,A"]
[Black "Salai,L"]
[Result "1/2-1/2"]
[WhiteElo "2238"]
[BlackElo "2424"]

1.d4 Nf6 2.c4 g6 3.Nc3 Bg7 4.e4 d6 5.Be2 O-O 6.Nf3 e5 7.O-O exd4 8.Nxd4 Re8
9.f3 Nc6 10.Be3 Nh5 11.Qd2 Nf4 12.Rac1 Nxd4 13.Bxf4 Nxe2+ 14.Nxe2 f5 15.exf5 Bxf5
16.Ng3 Qf6 17.Nxf5 Qxf5 18.b3 Qc5+ 19.Kh1 Qd4 20.Rfe1 Kf7 21.g4 Qxd2  1/2-1/2

[Event "Tatry Open"]
[Site "Tatranske Zruby SVK"]
[Date "2000.10.10"]
[Round "4"]
[White "Belunek,V"]
[Black "Felcir,J"]
[Result "1/2-1/2"]
[WhiteElo "2258"]
[BlackElo "2194"]

1.d4 Nf6 2.c4 g6 3.Nc3 Bg7 4.e4 d6 5.Be2 O-O 6.Nf3 Nbd7 7.O-O e5 8.Re1 c6
9.Bf1 Re8 10.d5 c5 11.Rb1 Nf8 12.b4 b6 13.bxc5 bxc5 14.Qa4 Bg4 15.Nd2 Re7
16.Nb3 Ne8 17.Na5 Bd7 18.Qa3 h6 19.Bd2 f5 20.Bd3 f4 21.Rb7 f3 22.g3 g5 23.Reb1 Ng6
24.Nb5 a6 25.Na7 Rf7 26.N5c6 Qf6 27.Rb8 Rxb8 28.Rxb8 Bf8 29.Qxa6 Nf4 30.Qa3 Qg6
31.Nd8 Rg7 32.Nac6 Qh5 33.Bxf4 gxf4 34.Ne6 fxg3 35.hxg3 Rg4 36.Bf1 Rxe4 37.Rb3 Bxe6
38.dxe6 Rh4 39.gxh4 Qg4+ 40.Kh2 Qxh4+ 41.Kg1 Qg4+  1/2-1/2

[Event "FSIMB October"]
[Site "Budapest HUN"]
[Date "2000.10.11"]
[Round "5"]
[White "Vigorito,D"]
[Black "Berczes,C"]
[Result "1-0"]
[WhiteElo "2314"]
[BlackElo "2189"]

1.Nf3 Nf6 2.c4 g6 3.Nc3 Bg7 4.e4 d6 5.d4 O-O 6.Be2 e5 7.d5 a5 8.Bg5 h6 9.Bh4 Qe8
10.Nd2 Nh7 11.a3 h5 12.f3 Bh6 13.Bf2 f5 14.c5 Nf6 15.cxd6 cxd6 16.Nc4 Ra6
17.Nb6 fxe4 18.Bxa6 Nxa6 19.Nxc8 Qxc8 20.fxe4 Ng4 21.Bg1 Qd8 22.Qd3 Qh4+
23.Qg3 Qg5 24.Rd1 h4 25.Qd3 Qf6 26.Qe2 h3 27.Rd3 hxg2 28.Qxg2 Qh4+ 29.Qg3 Qf6
30.Bb6 Qg5 31.h3 Qc1+ 32.Nd1 Nf6 33.Qxg6+ Kh8 34.Be3 Bxe3 35.Rxe3 Qc7 36.Rg1 Qh7
37.Rf3 Qh4+ 38.Nf2 Rg8 39.Qxf6+ Qxf6 40.Rxg8+  1-0

[Event "3rd Int"]
[Site "Torshavn FAI"]
[Date "2000.10.11"]
[Round "6"]
[White "Rodgaard,J"]
[Black "Petersen,Te"]
[Result "1-0"]
[WhiteElo "2351"]
[BlackElo "2142"]

1.c4 g6 2.Nf3 Bg7 3.e4 d6 4.d4 Nf6 5.Nc3 O-O 6.Be2 e5 7.dxe5 dxe5 8.Qxd8 Rxd8
9.Bg5 Re8 10.O-O-O h6 11.Bh4 Na6 12.Nd2 Be6 13.f3 c6 14.Nb3 b6 15.Rd6 Bf8
16.Rxc6 Nb4 17.Rc7 Nh5 18.Rd1 Rec8 19.Rxc8 Rxc8 20.a3 Na6 21.Rd8 Rxd8 22.Bxd8 Bd7
23.Nb5 Nf4 24.Bf1 Bxb5 25.cxb5 Nb8 26.Bh4 Nd7 27.Bf2 Ne6 28.Kc2 Ndc5 29.Bc4 Kg7
30.Nxc5 Nxc5 31.b4 Ne6 32.Kc3 Bd6 33.a4 Kf8 34.Bf1 Ke7 35.Kc4 Kd7 36.g3 Ng5
37.Bg2 Ke6 38.h4 Nh7 39.Bh3+ f5 40.h5 Ng5 41.exf5+ gxf5 42.Bg2 f4 43.gxf4 exf4
44.a5 Bc7 45.a6 Kd6 46.Bd4 Ne6 47.Bc3 Bd8 48.Bh3 Nc7 49.Bg7 Bg5 50.Bf5 Ne8
51.Bd4 Bf6 52.Bf2 Nc7 53.Bg6 Ke6 54.Be1 Kd6 55.Bd2 Be5 56.Bf7 Ke7 57.Bg8 Kf6
58.Be1 Kg5 59.Kd3 Kf5 60.Bh7+ Ke6 61.Ke4 Nxb5 62.Bg8+ Kd6 63.Bf2 Bc3 64.Kxf4 Bxb4
65.Ke4 Bd2 66.Bg3+ Kd7 67.Bb8 Nc7 68.Bxa7 Nxa6 69.Bxb6 Ke7 70.f4 Nb8 71.Bc5+ Ke8
72.Bd5 Na6 73.Bd4 Nc7 74.Bc4 Kf8 75.Kf5 Ne8 76.Be5 Bb4 77.Kg6 Nd6 78.Bd5 Bc5
79.Bg7+ Ke7 80.Bxh6 Bd4 81.Bg5+ Kf8 82.f5 Nxf5 83.Kxf5 Kg7 84.Bc6 Kh7 85.Be8 Bg7
86.Ke6 Bh6 87.Be7 Bg7 88.Kf7 Bd4 89.Bc6 Kh6 90.Bf3 Bg7 91.Be4 Bd4 92.Bg6 Bf6
93.Bf8+ Kg5 94.Bb4 Kh6 95.Bd2+  1-0

[Event "3rd Int"]
[Site "Torshavn FAI"]
[Date "2000.10.11"]
[Round "6"]
[White "Johannessen,LE"]
[Black "Pedersen,St"]
[Result "0-1"]
[WhiteElo "2422"]
[BlackElo "2464"]

1.c4 Nf6 2.Nc3 g6 3.d4 Bg7 4.e4 d6 5.Nf3 O-O 6.Be2 e5 7.O-O Na6 8.Be3 Ng4
9.Bg5 f6 10.Bc1 Nh6 11.Rb1 Nf7 12.b4 exd4 13.Nxd4 Nxb4 14.Rxb4 c5 15.Rb3 cxd4
16.Nb5 Re8 17.Bd3 b6 18.Bb2 Bb7 19.f3 Ne5 20.Bxd4 f5 21.Be2 fxe4 22.f4 a6
23.Nc3 Nd3 24.Bxg7 Kxg7 25.Bxd3 exd3 26.Qxd3 Rc8 27.Na4 b5 28.cxb5 axb5 29.Qxb5 Bxg2
30.Kxg2 Rc2+ 31.Kh1 Ree2 32.Qb7+ Rc7 33.Qf3 Rcc2 34.Qb7+ Rc7 35.Qf3 Rcc2
36.h3 Qa5 37.Rb7+ Kf6 38.Rxh7 Qd2  0-1

[Event "Tatry Open"]
[Site "Tatranske Zruby SVK"]
[Date "2000.10.12"]
[Round "6"]
[White "Jurkiewicz,K1"]
[Black "Skreno,V"]
[Result "1-0"]
[WhiteElo "2217"]
[BlackElo "2121"]

1.d4 Nf6 2.c4 g6 3.Nc3 Bg7 4.e4 d6 5.Be2 O-O 6.Nf3 e5 7.d5 a5 8.Bg5 Bd7 9.Nd2 h6
10.Be3 b6 11.h4 Nh7 12.h5 g5 13.g4 Na6 14.O-O Nf6 15.f3 Qe7 16.a3 Rfb8 17.Re1 Kh7
18.Qc2 Kh8 19.Nf1 Qd8 20.Ng3 Qc8 21.Kg2 Nh7 22.Bf2 Bf8 23.Rab1 Nc5 24.b4 axb4
25.axb4 Nb7 26.Ra1 Nf6 27.Qb2 Kh7 28.Rxa8 Rxa8 29.Ra1 Be7 30.Ra2 Qb8 31.Qa1 Rxa2
32.Qxa2 Ne8 33.Qa6 Nd8 34.Nf5 Bf8 35.Bd1 Qb7 36.Qa3 Nf6 37.Ba4 Qa8 38.Qa2 Bc8
39.Bb5 Qxa2 40.Nxa2 Bb7 41.Nc3 Bc8 42.Ba4 Ba6 43.Bb5 Bc8 44.Kf1 Kg8 45.Ke2 Bxf5
46.exf5 Bg7 47.Kd3 Kf8 48.Ba4 e4+ 49.Nxe4 Nxe4 50.fxe4 Be5 51.Bd7 Ke7 52.Bc8 f6
53.Kc2 Bf4 54.Be6 Be5 55.Kb3 Ba1 56.Ka4 Bc3 57.Kb5 Bd2 58.Bg1 Be1 59.Bd4 Bd2
60.Bb2 Be1 61.Ba3 Bd2 62.Ka6 c5 63.b5 Ba5 64.Bb2 Nf7 65.Bxf7 Kxf7 66.Kb7 Ke7
67.Kc6  1-0

[Event "Tatry Open"]
[Site "Tatranske Zruby SVK"]
[Date "2000.10.12"]
[Round "6"]
[White "Harasta,V"]
[Black "Salai,L"]
[Result "0-1"]
[WhiteElo "2203"]
[BlackElo "2424"]

1.c4 Nf6 2.Nc3 g6 3.e4 d6 4.d4 Bg7 5.Nf3 O-O 6.Be2 e5 7.O-O exd4 8.Nxd4 Re8
9.f3 Nc6 10.Nc2 Be6 11.Bg5 h6 12.Be3 Nd7 13.Qd2 Kh7 14.Rac1 f5 15.exf5 Bxf5
16.Bd3 Bxd3 17.Qxd3 Nde5 18.Qd5 Qd7 19.Bd2 Ne7 20.Qe4 Qc6 21.Qxc6 N7xc6 22.b3 Nd3
23.Rcd1 Nd4 24.Ne1 Nb2 25.Rb1 Ne2+ 26.Nxe2 Rxe2 27.Bc1 Rae8 28.Bxb2 Bxb2
29.Rd1 Bc3 30.Nd3 Rxa2 31.Nf4 g5 32.Nh3 Bb4 33.Ra1 Rb2 34.Rfb1 Ree2 35.Rxb2 Rxb2
36.Kf1 a5 37.Nf2 Rxb3 38.Ne4 Kg6 39.Ra2 c6 40.Ke2 b5 41.cxb5 cxb5 42.Rc2 a4
43.Rc6 Rb2+ 44.Kd3 a3  0-1

[Event "Belgian Interteams 2000-1"]
[Site "BEL"]
[Date "2000.10.15"]
[Round "1"]
[White "Janssen,R"]
[Black "Van Laatum,G"]
[Result "1-0"]
[WhiteElo "2414"]
[BlackElo "2329"]

1.Nf3 g6 2.c4 Bg7 3.d4 d6 4.e4 Nf6 5.Nc3 O-O 6.Be2 e5 7.O-O Nbd7 8.Be3 h6
9.dxe5 dxe5 10.h3 Nh5 11.Qd2 Kh7 12.Rad1 c6 13.Nh2 Nhf6 14.Ng4 Ng8 15.f4 exf4
16.Bxf4 Qb6+ 17.Kh1 h5 18.Nh2 Nh6 19.Na4 Qa6 20.b3 b6 21.Nf3 f6 22.Nd4 Nc5
23.Nxc5 bxc5 24.Nf3 Nf7 25.e5 fxe5 26.Nxe5 Bf5 27.Nxf7 Rxf7 28.Bf3 Bd4 29.g4 hxg4
30.hxg4 Bd7 31.Qh2+ Kg8 32.Be4 Bxg4 33.Bxg6 Rg7 34.Rxd4 cxd4 35.Be5 Qb7 36.Bf7+  1-0

[Event "Essent Open"]
[Site "Hoogeveen NED"]
[Date "2000.10.15"]
[Round "3"]
[White "Werle,J"]
[Black "De Jong,M"]
[Result "1-0"]
[WhiteElo "2311"]
[BlackElo "2276"]

1.Nf3 Nf6 2.c4 g6 3.Nc3 Bg7 4.e4 d6 5.d4 O-O 6.Be2 e5 7.O-O c6 8.Re1 Na6
9.Be3 Ng4 10.Bg5 f6 11.Bc1 Qe7 12.d5 c5 13.Nd2 h5 14.h3 Nh6 15.a3 Nf7 16.Bf1 h4
17.Rb1 f5 18.b4 Bh6 19.Nf3 Bxc1 20.Qxc1 Kh8 21.exf5 Bxf5 22.Ne4 b6 23.Rb3 Rac8
24.Qe3 Kg7 25.Neg5 Nxg5 26.Nxg5 Rce8 27.Be2 Kg8 28.Rb2 Qf6 29.b5 Nc7 30.a4 e4
31.Rd2 Re7 32.Bd1 Rfe8 33.Bc2 Qb2 34.Rde2 Qb4 35.Qb3 Qxb3 36.Bxb3 Kg7 37.Bc2 e3
38.Bxf5 exf2+ 39.Kxf2 Rxe2+ 40.Rxe2 Rxe2+ 41.Kxe2 gxf5 42.Ke3 Kf6 43.Kf4 Ne8
44.Ne6 Kg6 45.Nd8 Nf6 46.Nc6 Ne4 47.Nxa7 Nd2 48.a5 Nxc4 49.a6 Na3 50.Nc8 Nxb5
51.a7 Nc7 52.Nxb6 c4 53.Nxc4 Nxd5+ 54.Kf3 Nc7 55.Nb6 Kf7 56.a8=Q Nxa8 57.Nxa8 Ke6  1-0

[Event "Essent Open"]
[Site "Hoogeveen NED"]
[Date "2000.10.16"]
[Round "4"]
[White "Gleizerov,E"]
[Black "De Jong,M"]
[Result "1-0"]
[WhiteElo "2557"]
[BlackElo "2276"]

1.d4 Nf6 2.c4 g6 3.Nc3 Bg7 4.e4 d6 5.Nf3 O-O 6.Be2 e5 7.O-O c6 8.Be3 exd4
9.Bxd4 Re8 10.Qc2 c5 11.Be3 Nc6 12.Rad1 Qe7 13.Nd2 Nd4 14.Qd3 Bg4 15.f3 Be6
16.Nb3 Nxe2+ 17.Qxe2 Rad8 18.Bg5 h6 19.Bh4 g5 20.Bg3 Nh5 21.Nd5 Bxd5 22.Rxd5 Qf6
23.Rfd1 Nxg3 24.hxg3 Qxb2 25.Qxb2 Bxb2 26.Nxc5 Re7 27.Nd3 Bc3 28.e5 b6 29.exd6 Re2
30.a4 Rc2 31.c5 Bf6 32.a5 bxc5 33.Nxc5 Kg7 34.a6 Rb8 35.Nb7 Ra2 36.d7 Rxa6
37.d8=Q Bxd8 38.Nxd8 Rb2 39.Rd7 Raa2 40.Rxf7+ Kg8 41.Rdd7 Rxg2+ 42.Kf1 Raf2+
43.Ke1 Re2+ 44.Kd1 Re3 45.Rg7+ Kh8 46.Rh7+ Kg8 47.Rdg7+ Kf8 48.Rxa7 Kg8 49.Rag7+ Kf8
50.Rf7+ Kg8 51.Nc6 Rd3+ 52.Ke1 Rgd2 53.Ne7+  1-0

[Event "chT-SLO"]
[Site "Bled SLO"]
[Date "2000.10.17"]
[Round "4"]
[White "Beliavsky,A"]
[Black "Kozul,Z"]
[Result "1-0"]
[WhiteElo "2654"]
[BlackElo "2611"]

1.d4 Nf6 2.c4 g6 3.Nc3 Bg7 4.e4 d6 5.Nf3 O-O 6.Be2 e5 7.O-O Na6 8.Re1 c6
9.Bf1 exd4 10.Nxd4 Qb6 11.Na4 Qa5 12.Bd2 Qh5 13.Bf4 Re8 14.Nc3 Qxd1 15.Raxd1 Bf8
16.Nb3 Re6 17.h3 Nd7 18.a3 Kg7 19.Bg3 f6 20.Na5 Ne5 21.b4 Re8 22.f4 Nf7 23.Bf2 Nc7
24.g3 h5 25.Kg2 Ne6 26.Ne2 Ned8 27.Nd4 Re7 28.Kh2 Ne6 29.Bg2 Rc7 30.b5 Nxd4
31.Bxd4 cxb5 32.cxb5 Be6 33.Rc1 Re7 34.Re3 Bd7 35.Rb3 Be8 36.Kg1 Nd8 37.Rbb1 Ne6
38.Ba1 Rb8 39.b6 axb6 40.Rxb6 Ra8 41.Nxb7 Rxa3 42.Nxd6 Rxg3 43.Rf1 h4 44.f5 Ra7
45.fxe6 Be7 46.Bxf6+  1-0

[Event "1st It A"]
[Site "Salou ESP"]
[Date "2000.10.17"]
[Round "2"]
[White "Ivanov,J"]
[Black "Oratovsky,M"]
[Result "1/2-1/2"]
[WhiteElo "2461"]
[BlackElo "2486"]

1.Nf3 d6 2.d4 Nf6 3.c4 g6 4.Nc3 Nbd7 5.e4 e5 6.Be2 Bg7 7.O-O O-O 8.Re1 Re8
9.Bf1 a6 10.d5 a5 11.b3 Nc5 12.Bg5 h6 13.Bxf6 Qxf6 14.Rb1 Bd7 15.a3 Qe7 16.Qc2 a4
17.b4 Nb3 18.Nd2 Nd4 19.Qd1 c6 20.dxc6 bxc6 21.Nxa4 Be6 22.Ra1 Bg4 23.Qxg4 Rxa4
24.Qd1 Rea8 25.Re3 f5 26.Nb3 Nxb3 27.Rxb3 fxe4 28.Qg4 Qf7 29.Qxe4 d5 30.cxd5 cxd5
31.Qc2 e4 32.Rd1 Rxa3 33.Rxa3 Rxa3 34.Qc6 e3 35.fxe3 Rxe3 36.b5 Bd4 37.Kh1 Rb3
38.Qd6 Rf3 39.Be2 Rf2 40.Bd3 Kg7 41.Qb4  1/2-1/2

[Event "chT-SLO"]
[Site "Bled SLO"]
[Date "2000.10.18"]
[Round "5"]
[White "Kozul,Z"]
[Black "Tukmakov,V"]
[Result "1/2-1/2"]
[WhiteElo "2611"]
[BlackElo "2582"]

1.Nf3 Nf6 2.c4 g6 3.Nc3 Bg7 4.e4 d6 5.d4 O-O 6.Be2 e5 7.O-O c6 8.Re1 exd4
9.Nxd4 Re8 10.Bf1 Ng4 11.h3 Qb6 12.hxg4 Qxd4 13.g5 Qxd1 14.Rxd1 Be5 15.Be3 Nd7
16.Na4 a6 17.f4 Bg7 18.Rxd6 Rxe4 19.Kf2 Bf8 20.Rd2 b5 21.Nc3 Re8 22.Rad1 Nc5
23.b4 Nb7 24.c5 a5 25.a3 axb4 26.axb4 Ra3 27.Bd4 Bg7 28.Ne2 Bg4 29.Bxg7 Kxg7
30.Rd4 Raa8 31.R1d2 Nd8 32.Rd6 Ne6 33.Rxc6 Ra4 34.Nc3 Rxb4 35.Nd5 Re4 36.Kg3 Nd4
37.Rb6 Be2 38.Rxd4 Rxd4 39.Nf6 Re3+ 40.Kf2 Re7 41.g3 Rd8 42.Rd6 Ra8 43.Nd5 Bxf1
44.Nxe7 Bc4 45.f5 gxf5 46.Nxf5+ Kf8 47.Rb6 Rc8 48.c6 Bd5 49.c7 Be6 50.Nd4 Ke7
51.Nxb5 Kd7 52.Rb8 Bd5 53.Ke3 Bc6 54.Nd4 Rxc7 55.Rh8 Kd6 56.Rxh7 Re7+ 57.Kf2 Be4
58.Rh6+ Ke5 59.Ke3 Rc7 60.Nf3+  1/2-1/2

[Event "ch-ARG"]
[Site "Buenos Aires ARG"]
[Date "2000.10.18"]
[Round "8"]
[White "Soppe,G"]
[Black "Sorin,A"]
[Result "1/2-1/2"]
[WhiteElo "2471"]
[BlackElo "2490"]

1.d4 Nf6 2.Nf3 g6 3.c4 Bg7 4.Nc3 O-O 5.e4 d6 6.Be2 e5 7.O-O Nbd7 8.Be3 Ng4
9.Bg5 f6 10.Bd2 c6 11.d5 Qe7 12.b4 f5 13.dxc6 bxc6 14.b5 Bb7 15.Bg5 Ngf6
16.exf5 gxf5 17.bxc6 Bxc6 18.Re1 h6 19.Bh4 Nc5 20.Bf1 Qd7 21.Rc1 Rab8 22.Nd2 Kh8
23.Nb3 Nxb3 24.axb3 Ne4 25.Nxe4 fxe4 26.Rc2 Bf6 27.Bxf6+ Rxf6 28.Rd2 a5 29.Ra2 Qa7
30.Re3 Rbf8 31.Qe1 Qd4 32.Rd2 Qc5 33.Rh3 Kh7 34.Re3 Kh8 35.Rh3 Kh7 36.Rg3 Rf4
37.h3 Qb6 38.Qd1 R8f6 39.Re3 Qc5 40.Qe1 Kh8 41.g3 Rf3 42.Bg2 Rxe3 43.Qxe3 Qb4
44.Bf1 Kg7 45.Be2 Rf7 46.Bh5 Rb7 47.Qe2 Kh8 48.Rd1 Rg7 49.Qd2 Qxd2 50.Rxd2 Rd7
51.Ra2 Rb7 52.Rxa5 Rxb3 53.g4 Rc3 54.Bf7 Rxh3 55.Bd5 Bxd5 56.Rxd5 Rd3 57.Ra5 Kg7
58.Ra6 Kf7 59.Kf1 Ke7 60.c5 Rd5 61.cxd6+ Rxd6 62.Ra4  1/2-1/2